[Event "World Junior U20 Girls 2018"]
[Site "Gebze"]
[Date "2018.09.07"]
[Round "4"]
[White "Mahalakshmi, M."]
[Black "Li, Yunshan"]
[Result "1-0"]
[WhiteElo "2213"]
[BlackElo "2060"]
[Annotator "NA"]
[PlyCount "75"]
[EventDate "2018.09.05"]
[EventType "swiss"]
[EventCountry "TUR"]
[SourceTitle "playchess.com"]
[Source "ChessBase"]
[SourceQuality "1"]
[TimeControl "40/5400+30:1800+30"]

1. Nf3 {[%emt 0:00:30]} Nf6 {[%emt 0:00:30]} 2. g3 {[%emt 0:00:00]} g6 {[%emt 0:00:30]} 3. Bg2 {[%emt 0:00:00]} Bg7 {[%emt 0:00:00]} 4. d4 {[%emt 0:00:30]} d5 {[%emt 0:00:00]} 5. O-O {[%emt 0:00:30]} O-O {[%emt 0:00:30]} 6. c4 {[%emt 0:00:00]} c6 {[%emt 0:00:00]} 7. Qb3 {[%emt 0:00:00]} Qb6 {[%emt 0:04:00]} 8. Nc3 {[%emt 0:00:30]} Qxb3 {[%emt 0:06:30]} 9. axb3 {[%emt 0:00:00]} h6 {[%emt 0:00:30] D78: Fianchetto Grünfeld: 6 0-0 c6} (9... Bf5 10. h3 h5 11. Bf4 Nbd7 12. cxd5 cxd5 13. Rfc1 Rfc8 14. Ne5 Nb6 15. Kh2 a6 16. Bg5 Bf8 17. Be3 {½-½ (41) Kamsky,G (2732)-Van Wely,L (2692) Wijk aan Zee 2012}) 10. Bf4 {[%emt 0:08:00]} Be6 {[%emt 0:01:30]} 11. Ne5 {[%emt 0:07:30]} Rd8 {[%emt 0:04:30]} 12. Rfd1 {[%emt 0:02:30]} Nbd7 {[%emt 0:00:30]} 13. Nxd7 {[%emt 0:07:30]} Rxd7 {[%emt 0:00:30] [#]} 14. Na4 $1 {[%emt 0:01:30]} Rdd8 $1 {[%emt 0:05:30]} 15. Nc5 {[%emt 0:01:30]} Bc8 {[%emt 0:02:30]} 16. Bc7 {[%emt 0:05:30]} Re8 {[%emt 0:03:30]} 17. Kf1 $146 {[%emt 0:09:30]} ({Predecessor:} 17. Be5) 17... e6 {[%emt 0:02:30]} 18. Ra2 {[%emt 0:05:30]} Nd7 {[%emt 0:05:30]} 19. Na4 {[%emt 0:00:30]} Bf6 {[%emt 0:00:30]} 20. e4 {[%emt 0:06:30]} dxe4 {[%emt 0:04:30]} 21. Bxe4 $14 {[%emt 0:00:00]} Bd8 {[%emt 0:00:30]} 22. Bd6 {[%emt 0:03:00]} Be7 {[%emt 0:02:30]} 23. Bc7 {[%emt 0:02:30]} Bd8 {[%emt 0:00:30]} 24. Bd6 {[%emt 0:01:30]} Be7 {[%emt 0:00:30]} 25. Bxe7 {[%emt 0:01:30]} Rxe7 {[%emt 0:00:30]} 26. Bg2 {[%emt 0:01:30]} Rb8 {[%emt 0:01:30]} 27. Nc3 {[%emt 0:04:30]} a6 {[%emt 0:02:30]} 28. d5 {[%emt 0:02:30]} exd5 {[%emt 0:00:30]} 29. cxd5 {[%emt 0:00:30]} cxd5 {[%emt 0:03:30]} 30. Nxd5 {[%emt 0:01:30]} Re8 {[%emt 0:00:30]} 31. Raa1 {[%emt 0:04:30]} Kg7 {[%emt 0:03:30]} 32. Nc7 {[%emt 0:03:30]} Re7 {[%emt 0:02:30]} 33. Rac1 {[%emt 0:01:36]} b5 {[%emt 0:13:30]} 34. Rd6 {[%emt 0:06:11]} Nb6 {[%emt 0:12:57]} 35. Rxb6 {[%emt 0:01:44]} Rxb6 {[%emt 0:01:13]} 36. Nd5 {[%emt 0:00:08]} Be6 {[%emt 0:07:04]} 37. Nxe7 {[%emt 0:03:06]} Bxb3 {[%emt 0:00:17]} 38. Rc6 {[%emt 0:01:06]} 1-0

[Event "World Junior U20 Girls 2018"]
[Site "Gebze"]
[Date "2018.09.07"]
[Round "4"]
[White "Kubicka, Anna"]
[Black "Kyrkjebo, Marte B"]
[Result "1-0"]
[WhiteElo "2204"]
[BlackElo "1935"]
[Annotator "NA"]
[PlyCount "75"]
[EventDate "2018.09.05"]
[EventType "swiss"]
[EventCountry "TUR"]
[SourceTitle "playchess.com"]
[Source "ChessBase"]
[SourceQuality "1"]
[TimeControl "40/5400+30:1800+30"]

1. e4 {[%emt 0:00:30]} e5 {[%emt 0:00:30]} 2. Nf3 {[%emt 0:00:30]} Nc6 {[%emt 0:00:00]} 3. Bb5 {[%emt 0:00:00]} a6 {[%emt 0:00:00]} 4. Ba4 {[%emt 0:00:00]} Nf6 {[%emt 0:00:00]} 5. O-O {[%emt 0:00:30]} b5 {[%emt 0:00:00]} 6. Bb3 {[%emt 0:00:00]} Be7 {[%emt 0:00:30]} 7. Re1 {[%emt 0:00:00]} O-O {[%emt 0:00:30]} 8. h3 {[%emt 0:00:30]} d6 {[%emt 0:00:30]} 9. c3 {[%emt 0:00:00]} Na5 {[%emt 0:00:00]} 10. Bc2 {[%emt 0:00:00]} c5 {[%emt 0:01:00]} 11. d4 {[%emt 0:00:00]} Qc7 {[%emt 0:00:30]} 12. Nbd2 {[%emt 0:00:00]} cxd4 {[%emt 0:01:30]} 13. cxd4 {[%emt 0:00:30]} Rd8 {[%emt 0:00:00]} 14. Nf1 {[%emt 0:02:30]} exd4 {[%emt 0:03:00]} 15. Nxd4 {[%emt 0:00:30]} d5 {[%emt 0:00:30]} 16. e5 {[%emt 0:04:30]} Ne4 {[%emt 0:00:30]} 17. Bf4 {[%emt 0:05:30]} Qb6 {[%emt 0:09:30]} 18. b3 {[%emt 0:12:30]} Bb4 $11 {[%emt 0:07:30]} 19. Re3 {[%emt 0:10:30]} Bc5 {[%emt 0:12:30]} 20. Nf3 {[%emt 0:12:30]} Bxe3 {[%emt 0:13:30]} 21. Bxe3 {[%emt 0:00:00]} Qc7 {[%emt 0:01:30]} 22. Rc1 {[%emt 0:01:00]} Nc6 {[%emt 0:03:30]} 23. Nd4 {[%emt 0:05:30]} Bb7 {[%emt 0:19:30]} 24. f3 {[%emt 0:08:30]} Nc3 {[%emt 0:03:30]} 25. Qd3 {[%emt 0:02:30]} Nxd4 {[%emt 0:02:30]} 26. Bxd4 {[%emt 0:03:30]} b4 {[%emt 0:00:43]} 27. Qxh7+ {[%emt 0:00:30]} Kf8 {[%emt 0:00:17]} 28. Ng3 {[%emt 0:03:30]} Bc8 {[%emt 0:06:42]} 29. Qh8+ {[%emt 0:01:30]} Ke7 {[%emt 0:00:30]} 30. Qxg7 {[%emt 0:00:30]} Be6 {[%emt 0:00:30]} 31. Bf5 {[%emt 0:00:30]} Qc6 {[%emt 0:02:12]} 32. Qf6+ {[%emt 0:06:30]} Ke8 {[%emt 0:03:44]} 33. Kh2 {[%emt 0:00:30]} Rdc8 {[%emt 0:03:17]} 34. Qg7 {[%emt 0:06:32]} Kd8 {[%emt 0:00:54]} 35. Qf8+ {[%emt 0:00:26]} Qe8 {[%emt 0:02:15]} 36. Bb6+ {[%emt 0:00:14]} Rc7 {[%emt 0:01:18]} 37. Qd6+ {[%emt 0:00:34]} Qd7 {[%emt 0:00:40]} 38. Bxc7+ {[%emt 0:00:07]} 1-0

[Event "World Junior U20 Girls 2018"]
[Site "Gebze"]
[Date "2018.09.07"]
[Round "4"]
[White "Beydullayeva, Govhar"]
[Black "Isha Sharma"]
[Result "1-0"]
[WhiteElo "2202"]
[BlackElo "2012"]
[Annotator "TA"]
[PlyCount "85"]
[EventDate "2018.09.05"]
[EventType "swiss"]
[EventCountry "TUR"]
[SourceTitle "playchess.com"]
[Source "ChessBase"]
[SourceQuality "1"]

{[%evp 28,85,82,77,66,62,116,106,128,143,190,190,207,195,197,179,186,185,177,190,179,210,231,202,376,380,464,461,455,446,472,485,439,467,516,437,477,466,594,461,444,435,441,423,540,530,758,755,827,821,818,793,915,896,897,863,29982,29983,29980,29978]} 1. Nf3 g6 2. c4 Bg7 3. d4 d6 4. g3 Nf6 5. Bg2 O-O 6. Nc3 Bf5 7. Nh4 Bc8 8. O-O e5 9. Nf3 Nbd7 10. e4 a5 11. h3 exd4 12. Nxd4 Nc5 13. Be3 Re8 14. Qc2 Bd7 15. Rfe1 {LiveBook: 13 Games} h5 {E68: King's Indian: Fianchetto: 6...Nbd7 7 0-0 e5 8 e4} 16. Rad1 Nh7 $146 ({Better is} 16... Qc8 $14) ({Predecessor:} 16... Qc8 17. Kh2 a4 18. Ndb5 h4 19. g4 Bc6 20. f3 Ne6 21. f4 g5 {0-1 (31) Kabatianski,A (2431)-Visser,Y (2477) Netherlands 2009}) 17. f4 $16 Qc8 {White is better.} 18. Kh2 Bh6 19. Nd5 Qd8 20. Nb5 Na6 21. Nbxc7 Nxc7 22. Bb6 Rc8 {[#]} 23. Qd2 $1 ({Much less strong is} 23. Nxc7 $6 Rxc7 24. Qd2 (24. Bxa5 Rxc4 25. Qxc4 Qxa5 $11) (24. Rxd6 Bf8 $11) 24... Qc8 $14) (23. Bxa5 h4 $11) 23... h4 {Black wants to play ...hxg3+.} 24. Nxc7 ({Not} 24. Bxc7 Rxc7 25. Nxc7 Qxc7 $11) 24... hxg3+ 25. Kxg3 {And now Nd5 would win.} Rf8 $2 (25... Nf6) 26. Qxd6 $18 Qf6 27. Qxf6 Nxf6 28. Bf3 Be6 29. Nd5 Bxd5 30. cxd5 a4 31. Bd4 Nd7 32. Rc1 g5 33. fxg5 Bxg5 34. Rxc8 Rxc8 35. Bg4 Rd8 36. h4 Bf6 37. e5 Bg7 38. Bxd7 Rxd7 39. d6 Kf8 40. Kf4 Ke8 41. Rg1 f6 {[#]} 42. Rxg7 $1 Rxg7 43. e6 {Precision: White = 95%, Black = 31%.} 1-0

[Event "World Junior U20 Girls 2018"]
[Site "Gebze"]
[Date "2018.09.07"]
[Round "4"]
[White "Chu, Ruotong"]
[Black "Potapova, Margarita"]
[Result "1-0"]
[WhiteElo "2199"]
[BlackElo "2277"]
[Annotator "NA"]
[PlyCount "83"]
[EventDate "2018.09.05"]
[EventType "swiss"]
[EventCountry "TUR"]
[SourceTitle "playchess.com"]
[Source "ChessBase"]
[SourceQuality "1"]
[TimeControl "40/5400+30:1800+30"]

1. d4 {[%emt 0:03:30]} Nf6 {[%emt 0:00:30]} 2. c4 {[%emt 0:01:30]} e6 {[%emt 0:00:30]} 3. g3 {[%emt 0:05:30]} d5 {[%emt 0:00:30]} 4. Bg2 {[%emt 0:00:00]} dxc4 {[%emt 0:00:00]} 5. Qa4+ {[%emt 0:01:00]} Nbd7 {[%emt 0:00:00]} 6. Qxc4 {[%emt 0:02:30]} a6 {[%emt 0:01:30]} 7. Qc2 {[%emt 0:04:30]} c5 {[%emt 0:03:30]} 8. Nf3 {[%emt 0:01:30]} cxd4 {[%emt 0:11:30]} 9. Nxd4 {[%emt 0:01:30]} Nc5 {[%emt 0:02:30]} 10. Nb3 {[%emt 0:02:30]} Nxb3 {[%emt 0:07:30]} 11. Qxb3 {[%emt 0:00:30]} Qc7 {[%emt 0:04:30]} 12. O-O {[%emt 0:02:30]} Bc5 {[%emt 0:00:30]} 13. Nc3 {[%emt 0:06:30]} O-O {[%emt 0:01:30]} 14. Bf4 {[%emt 0:11:30]} Bd6 {[%emt 0:10:30]} 15. Be3 $14 {[%emt 0:10:30]} Qe7 {[%emt 0:06:30]} 16. a4 {[%emt 0:13:30]} Bd7 {[%emt 0:17:30]} 17. Qxb7 {[%emt 0:02:30]} Rfb8 {[%emt 0:00:30]} 18. Qf3 {[%emt 0:02:30]} Rc8 {[%emt 0:02:30]} 19. Bg5 {[%emt 0:11:04]} Rab8 {[%emt 0:02:30]} 20. Qd3 {[%emt 0:04:09]} Rxb2 {[%emt 0:05:30]} 21. Ne4 {[%emt 0:01:10]} Be5 {[%emt 0:00:30]} 22. f4 {[%emt 0:01:35]} Bc3 {[%emt 0:03:13]} 23. Rac1 {[%emt 0:02:30]} Rb3 {[%emt 0:01:19]} 24. Bxf6 {[%emt 0:00:39]} gxf6 {[%emt 0:00:53]} 25. Rxc3 {[%emt 0:01:19]} Rcxc3 {[%emt 0:00:51]} 26. Nxc3 {[%emt 0:00:04]} Qc5+ {[%emt 0:02:40]} 27. Kh1 {[%emt 0:00:04]} Bc6 {[%emt 0:00:00]} 28. Ne4 {[%emt 0:01:27]} Qb6 {[%emt 0:00:37]} 29. Qc2 {[%emt 0:02:15]} Kg7 {[%emt 0:00:33]} 30. a5 {[%emt 0:02:39]} Qb7 {[%emt 0:01:01]} 31. Rc1 {[%emt 0:00:55]} Bd5 {[%emt 0:03:20]} 32. Bf3 {[%emt 0:00:03]} Re3 {[%emt 0:02:45]} 33. Nc5 {[%emt 0:01:44]} Qa8 {[%emt 0:05:54]} 34. Bxd5 {[%emt 0:00:25]} Qxd5+ {[%emt 0:00:28]} 35. Kg1 {[%emt 0:00:07]} Qd4 {[%emt 0:00:00]} 36. Kf1 {[%emt 0:00:19]} Qd5 {[%emt 0:00:48]} 37. Kf2 {[%emt 0:00:58]} Ra3 {[%emt 0:01:21]} 38. Qc4 {[%emt 0:00:48]} Qd2 {[%emt 0:00:16]} 39. Ne4 {[%emt 0:00:41]} Qe3+ {[%emt 0:01:02]} 40. Kg2 {[%emt 0:00:00]} f5 {[%emt 0:00:00]} 41. Rc3 {[%emt 0:02:35]} Ra4 {[%emt 0:04:59]} 42. Qxa4 {[%emt 0:00:00]} 1-0

[Event "World Junior U20 Girls 2018"]
[Site "Gebze"]
[Date "2018.09.07"]
[Round "4"]
[White "Schneider, Jana"]
[Black "Hu, Yu A"]
[Result "1/2-1/2"]
[WhiteElo "2190"]
[BlackElo "2009"]
[Annotator "TA"]
[PlyCount "178"]
[EventDate "2018.09.05"]
[EventType "swiss"]
[EventCountry "TUR"]
[SourceTitle "playchess.com"]
[Source "ChessBase"]
[SourceQuality "1"]

{[%evp 29,178,28,26,16,28,21,68,57,77,76,86,96,92,89,67,74,65,25,19,20,22,32,37,39,30,28,22,23,85,92,91,96,93,68,114,59,61,26,59,82,55,50,94,77,77,31,68,59,102,0,69,0,100,64,124,125,129,135,128,131,127,133,131,121,120,126,128,115,171,118,125,134,134,129,130,120,272,267,272,255,253,243,252,248,241,92,140,41,41,8,41,41,41,41,41,41,41,41,41,41,41,41,76,76,76,76,76,8,8,8,8,8,8,0,0,0,23,0,0,0,0,0,0,0,0,0,23,23,29977,23,23,0,0,0,0,0,0,0,0,0,0,0,0,0,0,0,0,0,0,0,0]} 1. e4 c5 2. Nf3 d6 3. d4 cxd4 4. Nxd4 Nf6 5. Nc3 a6 6. Be3 e5 7. Nf3 Be7 8. Bc4 O-O 9. O-O Be6 10. Bb3 Qc7 11. Nh4 {B90: Sicilian Najdorf: Unusual White 6th moves, 6 Be3 Ng4 and 6 Be3 e5} g6 12. Bh6 Re8 13. Qd2 Ng4 14. Bg5 Bxg5 15. Qxg5 Qd8 {LiveBook: 4 Games} 16. Nf3 Qxg5 17. Nxg5 Bxb3 18. axb3 h6 {[#]} 19. Nf3 $146 Nf6 20. Rfd1 Re6 21. Nd2 Nc6 22. Nc4 Nd4 23. Nb6 Rd8 24. Rd2 d5 25. Nbxd5 Nxe4 $1 26. Nxe4 Rxd5 27. b4 Rc6 28. Rad1 $1 Ne2+ (28... f5 $1 $11 {keeps the balance.} 29. Nc5 a5) 29. Kf1 $1 $16 Rxd2 30. Rxd2 {[%mdl 4096] Endgame KRN-KRN} Nf4 31. c3 Ne6 32. Rd5 (32. Rd7 $16) 32... f5 $14 33. Nf6+ Kg7 $1 {[%cal Rg7f6]} 34. Nd7 $1 e4 35. g3 Rc7 36. Ke2 Kf7 37. Ke3 Ke7 38. Nb6 Kf6 39. Nd7+ Ke7 $1 40. Nb6 Kf6 41. c4 {[%cal Bc3c4,Bc4c5][%mdl 32]} Re7 ({Black should play} 41... Ng5 $14) 42. Rd6 $16 Ke5 43. c5 f4+ 44. gxf4+ Nxf4 45. Nd7+ Kf5 46. Rf6+ Kg5 47. Rxf4 {h4+ would kill now.} Rxd7 48. Rxe4 {KR-KR} Rd1 (48... Kf5 $16 {was called for.}) 49. Rf4 (49. b5 $18) 49... Re1+ 50. Kf3 Re7 51. b5 axb5 52. Rb4 h5 $2 (52... Rc7 $16) 53. h4+ $18 ({Less strong is} 53. Rxb5 Kh4 $16) 53... Kf6 54. Rxb5 Ke6 55. Ke4 Kd7+ 56. Kd5 Kc7 {[#]} 57. Rb6 (57. f4 $1 $18 {is the precise move to win.}) 57... Re2 58. b4 (58. f4 $16) 58... Rxf2 $14 59. Rxg6 Rd2+ 60. Kc4 Rh2 $1 61. Kb5 Rxh4 62. Rg7+ Kb8 63. Rh7 Rg4 64. Rxh5 Rg6 65. Rh7 Ka7 66. Rh8 Rg1 67. Rc8 Rg6 68. Kc4 (68. Re8 $16) 68... Rg4+ $11 69. Kb3 Ka6 70. Ka4 {[%cal Rc8a8]} b5+ 71. Kb3 {Threatens to win with Rc6+.} Rg3+ 72. Kc2 Rg4 73. Rc6+ Ka7 74. Kc3 {aiming for Rb6.} Rg3+ $1 75. Kd4 {Strongly threatening Rb6.} Rg4+ 76. Kd5 $1 Rxb4 77. Rc7+ Kb8 (77... Ka6 {feels hotter.} 78. Re7 Rh4 79. Re6+ Ka5 80. Re8 Rh5+) 78. Kc6 Rg4 $2 {[%mdl 8192] [#]} (78... Ra4 $11) 79. Rb7+ $2 (79. Kb6 $1 {mates} b4 80. Rh7 Kc8 81. c6 Rd4 82. Rh8+ Rd8 83. Rxd8+ Kxd8 84. Kb7) 79... Kc8 {White must now prevent ...Rg6+.} 80. Kb6 b4 {[%cal Bb5b4,Bb4b3,Bb3b2][%mdl 32] The position is equal.} 81. Ra7 b3 82. Ra8+ Kd7 83. c6+ Ke7 {( -> ...b2)} 84. c7 b2 85. Re8+ $1 Kd6 86. Rd8+ Ke7 87. Rd1 Rb4+ 88. Ka6 Rc4 {Hoping for ...Rc1.} 89. Rb1 Kd7 {Precision: White = 53%, Black = 61%.} 1/2-1/2

[Event "World Junior U20 Girls 2018"]
[Site "Gebze"]
[Date "2018.09.07"]
[Round "4"]
[White "Pychova, Nela"]
[Black "Duran, Esma Doga"]
[Result "1-0"]
[WhiteElo "2173"]
[BlackElo "1825"]
[Annotator "NA"]
[PlyCount "72"]
[EventDate "2018.09.05"]
[EventType "swiss"]
[EventCountry "TUR"]
[SourceTitle "playchess.com"]
[Source "ChessBase"]
[SourceQuality "1"]
[TimeControl "40/5400+30:1800+30"]

1. c4 {[%emt 0:00:30]} c6 {[%emt 0:01:30]} 2. Nc3 {[%emt 0:06:30]} d5 {[%emt 0:02:30]} 3. cxd5 {[%emt 0:00:30]} cxd5 {[%emt 0:00:30]} 4. d4 {[%emt 0:00:30]} Nc6 {[%emt 0:00:30]} 5. Bf4 {[%emt 0:00:30]} Nf6 {[%emt 0:00:30]} 6. e3 {[%emt 0:00:30]} Bg4 {[%emt 0:00:30]} 7. f3 {[%emt 0:00:30]} Bf5 {[%emt 0:19:30]} 8. g4 {[%emt 0:10:30]} Bg6 {[%emt 0:02:30]} 9. h4 {[%emt 0:00:30]} h6 {[%emt 0:00:30]} 10. Bd3 $11 {[%emt 0:10:30]} Bxd3 {[%emt 0:01:30]} 11. Qxd3 {[%emt 0:00:30]} e6 {[%emt 0:00:00]} 12. Nge2 {[%emt 0:03:30]} Bd6 {[%emt 0:01:00]} 13. Kf2 {[%emt 0:02:30]} Ke7 {[%emt 0:17:30]} 14. Nb5 {[%emt 0:09:30]} Bxf4 {[%emt 0:01:30]} 15. Nxf4 {[%emt 0:01:30]} a6 {[%emt 0:00:00]} 16. Qa3+ {[%emt 0:00:30]} Kd7 {[%emt 0:01:00]} 17. Qd6+ {[%emt 0:09:30]} Kc8 {[%emt 0:02:30]} 18. Qxd8+ {[%emt 0:00:30]} Kxd8 {[%emt 0:01:30]} 19. Nc3 {[%emt 0:02:30]} Ke7 {[%emt 0:02:30]} 20. Rac1 {[%emt 0:01:30]} g5 {[%emt 0:04:30]} 21. Nd3 {[%emt 0:04:30]} Nd7 {[%emt 0:02:30]} 22. Na4 {[%emt 0:05:30]} Kd6 {[%emt 0:02:30]} 23. Kg3 {[%emt 0:05:30]} f6 {[%emt 0:03:30]} 24. Rh2 {[%emt 0:02:30]} e5 {[%emt 0:20:34]} 25. Nac5 {[%emt 0:07:26]} Nxc5 {[%emt 0:03:23]} 26. dxc5+ {[%emt 0:00:59]} Ke6 {[%emt 0:00:17]} 27. Rch1 {[%emt 0:01:06]} Rhd8 {[%emt 0:02:06]} 28. hxg5 {[%emt 0:00:53]} hxg5 {[%emt 0:00:01]} 29. Rh7 {[%emt 0:00:58]} Rd7 {[%emt 0:00:18]} 30. Rxd7 {[%emt 0:02:56]} Kxd7 {[%emt 0:00:30]} 31. Rh7+ {[%emt 0:00:30]} Ne7 {[%emt 0:00:30]} 32. b4 {[%emt 0:00:21]} Ke6 {[%emt 0:02:17]} 33. a4 {[%emt 0:04:37]} Rd8 {[%emt 0:03:43]} 34. c6 {[%emt 0:04:15]} b6 {[%emt 0:00:39]} 35. a5 {[%emt 0:00:26]} e4 {[%emt 0:02:06]} 36. c7 {[%emt 0:01:48]} Re8 {[%emt 0:01:06]} 1-0

[Event "World Junior U20 Girls 2018"]
[Site "Gebze"]
[Date "2018.09.07"]
[Round "4"]
[White "Song, Yuxin"]
[Black "Nomin-Erdene, Davaademberel"]
[Result "1-0"]
[WhiteElo "2156"]
[BlackElo "2377"]
[Annotator "NA"]
[PlyCount "119"]
[EventDate "2018.09.05"]
[EventType "swiss"]
[EventCountry "TUR"]
[SourceTitle "playchess.com"]
[Source "ChessBase"]
[SourceQuality "1"]
[TimeControl "40/5400+30:1800+30"]

1. d4 {[%emt 0:00:30]} f5 {[%emt 0:05:30]} 2. Bg5 {[%emt 0:00:00]} Nf6 {[%emt 0:00:30]} 3. Bxf6 {[%emt 0:03:00]} exf6 {[%emt 0:00:00]} 4. e3 {[%emt 0:00:30]} d5 {[%emt 0:03:00]} 5. c4 {[%emt 0:00:30]} c6 {[%emt 0:07:30]} 6. Nc3 {[%emt 0:01:30] A80: Holländische Verteidigung} (6. Qb3 dxc4 7. Bxc4 Bd6 8. Ne2 Qe7 9. Nbc3 Nd7 10. Be6 Nb6 11. Bxc8 Rxc8 12. O-O-O Qf7 13. Qc2 g6 {1-0 (39) Ali Marandi,C (2479)-Gelashvili,T (2563) Saint Louis 2017}) 6... Be6 {[%emt 0:00:30]} 7. Qb3 {[%emt 0:01:30]} Qd7 {[%emt 0:00:30]} 8. g3 $146 {[%emt 0:01:30]} ({Vorgänger:} 8. cxd5 Bxd5 9. Nxd5 cxd5 10. Bb5 Nc6 11. Rc1 Bb4+ 12. Kf1 Be7 13. Ne2 O-O {1-0 (50) Gutierrez Clares,J (2254)-Serrano Aspa,X (2183) Barcelona 2015}) 8... dxc4 {[%emt 0:05:30]} 9. Bxc4 {[%emt 0:00:30]} Bxc4 {[%emt 0:00:00]} 10. Qxc4 {[%emt 0:00:00]} Na6 {[%emt 0:02:00]} 11. h4 {[%emt 0:10:00]} Nc7 {[%emt 0:10:30]} 12. Nh3 {[%emt 0:02:30]} Bd6 {[%emt 0:01:30]} 13. O-O-O {[%emt 0:03:30]} O-O-O {[%emt 0:01:30]} 14. Kb1 {[%emt 0:02:30]} Kb8 {[%emt 0:05:30]} 15. Nf4 {[%emt 0:05:30]} g5 {[%emt 0:11:30]} 16. Nd3 {[%emt 0:00:30]} Qe8 {[%emt 0:03:30]} 17. hxg5 {[%emt 0:08:30]} fxg5 {[%emt 0:00:30]} 18. Rh6 {[%emt 0:00:30]} Qe7 {[%emt 0:16:30]} 19. Nc5 {[%emt 0:03:30]} b5 {[%emt 0:12:20]} 20. Qb4 {[%emt 0:00:30]} Ka8 {[%emt 0:01:33]} 21. Qa3 {[%emt 0:00:30]} Rb8 {[%emt 0:02:47]} 22. b4 {[%emt 0:00:00]} Rhf8 {[%emt 0:02:25]} 23. Rdh1 {[%emt 0:02:00]} Rf7 {[%emt 0:01:12]} 24. Qb3 {[%emt 0:00:00]} Rd8 {[%emt 0:01:22]} 25. a3 {[%emt 0:07:00]} Bxc5 {[%emt 0:02:24]} 26. bxc5 {[%emt 0:02:30]} Nd5 {[%emt 0:00:03]} 27. Nxd5 {[%emt 0:01:30]} Rxd5 {[%emt 0:00:03]} 28. a4 {[%emt 0:02:30]} a6 {[%emt 0:03:10]} 29. axb5 {[%emt 0:01:30]} axb5 {[%emt 0:00:33]} 30. Kb2 {[%emt 0:00:30]} Qb7 {[%emt 0:00:33]} 31. Re6 {[%emt 0:03:30]} Rf8 {[%emt 0:00:28]} 32. Rhh6 {[%emt 0:02:30]} Rc8 {[%emt 0:00:30]} 33. Rhf6 {[%emt 0:00:00]} Qd7 {[%emt 0:00:32]} 34. Qa3+ {[%emt 0:02:00]} Kb7 {[%emt 0:00:57]} 35. Qa5 {[%emt 0:00:30]} Qc7 {[%emt 0:00:00]} 36. Qxc7+ {[%emt 0:00:30]} Rxc7 {[%emt 0:00:04]} 37. Re5 {[%emt 0:02:30]} Rdd7 {[%emt 0:00:27]} 38. Rexf5 {[%emt 0:01:30]} Rg7 {[%emt 0:00:03]} 39. Rh6 {[%emt 0:01:30]} Rg8 {[%emt 0:01:23]} 40. g4 {[%emt 0:00:00]} Kb8 {[%emt 0:00:00]} 41. Rhf6 {[%emt 0:03:00]} Rgg7 {[%emt 0:02:41]} 42. Kc3 {[%emt 0:00:30]} Kb7 {[%emt 0:01:30]} 43. Kb4 {[%emt 0:01:30]} Rce7 {[%emt 0:01:30]} 44. Ka5 {[%emt 0:02:30]} Rc7 {[%emt 0:05:30]} 45. d5 {[%emt 0:00:30]} cxd5 {[%emt 0:06:50]} 46. Kxb5 {[%emt 0:00:30]} Rce7 {[%emt 0:00:23]} 47. Rxd5 {[%emt 0:00:30]} Re4 {[%emt 0:00:28]} 48. Rd4 {[%emt 0:01:30]} (48. Rd8 $142 Kc7 49. Ra8) 48... Re5 {[%emt 0:00:04]} 49. Rfd6 {[%emt 0:00:30]} Kc8 {[%emt 0:03:44]} 50. Rd8+ {[%emt 0:00:30]} Kc7 $18 {[%emt 0:00:30]} 51. Ra8 {[%emt 0:00:30]} Rg6 {[%emt 0:01:43]} 52. Ra7+ {[%emt 0:00:30]} Kc8 {[%emt 0:00:10]} 53. Rxh7 {[%emt 0:00:00]} Rf6 {[%emt 0:00:19]} 54. Rh2 {[%emt 0:06:00]} Rf7 {[%emt 0:06:48]} 55. Rd6 {[%emt 0:00:30]} Kc7 {[%emt 0:00:27]} 56. Rg6 {[%emt 0:00:30]} Kb7 {[%emt 0:00:34]} 57. Rb6+ {[%emt 0:00:30]} Kc7 {[%emt 0:00:15]} 58. Ka6 {[%emt 0:01:30]} Rf8 {[%emt 0:05:09]} 59. Rh7+ {[%emt 0:00:30]} Kc8 {[%emt 0:00:04]} 60. Ka7 {[%emt 0:00:00]} 1-0